[Event "DEM U12w 2024"]
[Site "Willingen GER"]
[Date "2024.05.23"]
[Round "7"]
[White "Ratushna, Olha"]
[Black "Margaryan, Mane"]
[Result "1-0"]
[Termination "normal"]
[Board "12"]
[WhiteElo "1602"]
[BlackElo "1512"]
[WhiteClock "00:36:17"]
[BlackClock "00:28:34"]
[PlyCount "87"]
[WhiteFideId "34172602"]
[BlackFideId "16268237"]
[EventCountry "GER"]
[EventRounds "9"]
[EventType "swiss"]
[EventDate "2024.05.18"]

1. e4 {[%clk 01:30:56]} {[%emt 00:00:02]} c5 {[%clk 01:30:58]} {[%emt
00:00:03]} 2. Nf3 {[%clk 01:31:12]} {[%emt 00:00:13]} e6 {[%clk 01:31:22]}
{[%emt 00:00:07]} 3. c3 {[%clk 01:31:33]} {[%emt 00:00:09]} a6 {[%clk
01:30:50]} {[%emt 00:01:03]} 4. d4 {[%clk 01:31:13]} {[%emt 00:00:48]} cxd4
{[%clk 01:30:03]} {[%emt 00:01:17]} 5. cxd4 {[%clk 01:30:50]} {[%emt 00:00:53]}
b5 {[%clk 01:25:57]} {[%emt 00:04:37]} 6. g3 {[%clk 01:27:48]} {[%emt
00:03:31]} Bb7 {[%clk 01:25:15]} {[%emt 00:01:12]} 7. Qd3 {[%clk 01:25:08]}
{[%emt 00:02:58]} Nc6 {[%clk 01:22:37]} {[%emt 00:03:20]} 8. a3 {[%clk
01:22:47]} {[%emt 00:02:51]} d6 {[%clk 01:19:14]} {[%emt 00:03:53]} 9. Bg2
{[%clk 01:12:36]} {[%emt 00:10:39]} Nf6 {[%clk 01:16:59]} {[%emt 00:02:46]} 10.
b4 {[%clk 01:00:46]} {[%emt 00:12:21]} Qc7 {[%clk 01:09:25]} {[%emt 00:08:04]}
11. O-O {[%clk 00:59:13]} {[%emt 00:02:01]} Be7 {[%clk 01:07:21]} {[%emt
00:02:35]} 12. Nbd2 {[%clk 00:58:59]} {[%emt 00:00:43]} O-O {[%clk 01:05:37]}
{[%emt 00:02:15]} 13. Bb2 {[%clk 00:57:59]} {[%emt 00:01:31]} Rfd8 {[%clk
01:03:46]} {[%emt 00:02:17]} 14. Rac1 {[%clk 00:57:38]} {[%emt 00:00:54]} Qd7
{[%clk 01:01:56]} {[%emt 00:02:20]} 15. Rfe1 {[%clk 00:57:26]} {[%emt
00:00:42]} Rac8 {[%clk 00:59:41]} {[%emt 00:02:45]} 16. Rc3 {[%clk 00:55:40]}
{[%emt 00:02:17]} h6 {[%clk 00:52:35]} {[%emt 00:07:36]} 17. Rec1 {[%clk
00:54:34]} {[%emt 00:01:35]} Ba8 {[%clk 00:44:39]} {[%emt 00:08:28]} 18. Bh3
{[%clk 00:54:15]} {[%emt 00:00:45]} g5 {[%clk 00:39:24]} {[%emt 00:05:48]} 19.
Bg2 {[%clk 00:52:18]} {[%emt 00:02:27]} Kg7 {[%clk 00:38:03]} {[%emt 00:01:51]}
20. R3c2 {[%clk 00:48:36]} {[%emt 00:04:12]} d5 {[%clk 00:35:31]} {[%emt
00:03:02]} 21. e5 {[%clk 00:47:20]} {[%emt 00:01:45]} Nh7 {[%clk 00:35:32]}
{[%emt 00:00:30]} 22. Nb3 {[%clk 00:43:08]} {[%emt 00:04:41]} Rh8 {[%clk
00:34:15]} {[%emt 00:01:47]} 23. Qe3 {[%clk 00:40:22]} {[%emt 00:03:13]} Rcg8
{[%clk 00:31:14]} {[%emt 00:03:33]} 24. Ne1 {[%clk 00:40:01]} {[%emt 00:00:50]}
g4 {[%clk 00:25:24]} {[%emt 00:06:23]} 25. Qe2 {[%clk 00:35:00]} {[%emt
00:05:28]} h5 {[%clk 00:23:46]} {[%emt 00:02:11]} 26. Nc5 {[%clk 00:31:21]}
{[%emt 00:04:08]} Qa7 {[%clk 00:22:30]} {[%emt 00:01:39]} 27. Ned3 {[%clk
00:29:54]} {[%emt 00:02:03]} Bg5 {[%clk 00:20:10]} {[%emt 00:02:50]} 28. Rd1
{[%clk 00:30:17]} {[%emt 00:00:07]} Kf8 {[%clk 00:17:57]} {[%emt 00:02:42]} 29.
Ne1 {[%clk 00:28:14]} {[%emt 00:02:33]} Ke8 {[%clk 00:12:20]} {[%emt 00:06:09]}
30. Bc1 {[%clk 00:26:48]} {[%emt 00:01:56]} Bxc1 {[%clk 00:12:05]} {[%emt
00:00:45]} 31. Rcxc1 {[%clk 00:27:06]} {[%emt 00:00:11]} Nf8 {[%clk 00:10:09]}
{[%emt 00:02:26]} 32. Qe3 {[%clk 00:19:25]} {[%emt 00:08:11]} h4 {[%clk
00:09:31]} {[%emt 00:01:09]} 33. Rc2 {[%clk 00:16:12]} {[%emt 00:03:43]} h3
{[%clk 00:07:58]} {[%emt 00:02:03]} 34. Bh1 {[%clk 00:16:21]} {[%emt 00:00:20]}
Nd7 {[%clk 00:06:53]} {[%emt 00:01:35]} 35. Ned3 {[%clk 00:15:36]} {[%emt
00:01:16]} a5 {[%clk 00:04:49]} {[%emt 00:02:34]} 36. Nxd7 {[%clk 00:15:03]}
{[%emt 00:01:03]} Kxd7 {[%clk 00:04:19]} {[%emt 00:01:00]} 37. bxa5 {[%clk
00:13:52]} {[%emt 00:01:41]} Qxa5 {[%clk 00:03:32]} {[%emt 00:01:15]} 38. Rdc1
{[%clk 00:13:16]} {[%emt 00:01:06]} Ke7 {[%clk 00:02:43]} {[%emt 00:01:21]} 39.
Nb4 {[%clk 00:07:04]} {[%emt 00:06:43]} Nxb4 {[%clk 00:01:16]} {[%emt
00:01:56]} 40. axb4 {[%clk 00:06:28]} {[%emt 00:01:06]} Qxb4 {[%clk 00:00:36]}
{[%emt 00:01:10]} 41. Rc7+ {[%clk 00:06:42]} {[%emt 00:00:15]} Kf8 {[%clk
00:00:33]} {[%emt 00:00:34]} 42. Qf4 {[%clk 00:05:42]} {[%emt 00:01:27]} Rh7
{[%clk 00:29:31]} {[%emt 00:01:34]} 43. Rc8+ {[%clk 00:36:00]} {[%emt
00:00:14]} Kg7 {[%clk 00:28:34]} {[%emt 00:01:27]} 44. Qf6# {[%clk 00:36:17]}
{[%emt 00:00:13]} 1-0

[Event "DEM U12w 2024"]
[Site "Willingen GER"]
[Date "2024.05.23"]
[Round "7"]
[White "Nönnig, Lotte"]
[Black "Krannich, Eva"]
[Result "1-0"]
[Termination "normal"]
[Board "14"]
[WhiteElo "1647"]
[BlackElo "1176"]
[WhiteClock "00:19:37"]
[BlackClock "01:11:52"]
[PlyCount "103"]
[WhiteFideId "34611509"]
[BlackFideId "34639713"]
[EventCountry "GER"]
[EventRounds "9"]
[EventType "swiss"]
[EventDate "2024.05.18"]

1. e4 {[%clk 01:30:57]} {[%emt 00:00:01]} c5 {[%clk 01:30:53]} {[%emt
00:00:08]} 2. Nf3 {[%clk 01:31:14]} {[%emt 00:00:13]} g6 {[%clk 01:31:16]}
{[%emt 00:00:07]} 3. d4 {[%clk 01:31:08]} {[%emt 00:00:37]} cxd4 {[%clk
01:31:39]} {[%emt 00:00:06]} 4. Nxd4 {[%clk 01:31:27]} {[%emt 00:00:10]} Bg7
{[%clk 01:32:02]} {[%emt 00:00:08]} 5. Nc3 {[%clk 01:31:08]} {[%emt 00:00:50]}
d6 {[%clk 01:32:13]} {[%emt 00:00:19]} 6. Be3 {[%clk 01:30:34]} {[%emt
00:01:04]} Nf6 {[%clk 01:32:27]} {[%emt 00:00:15]} 7. Bc4 {[%clk 01:29:50]}
{[%emt 00:01:14]} a6 {[%clk 01:32:31]} {[%emt 00:00:27]} 8. f3 {[%clk
01:25:20]} {[%emt 00:05:00]} Nbd7 {[%clk 01:31:19]} {[%emt 00:01:41]} 9. Qd2
{[%clk 01:24:37]} {[%emt 00:01:12]} h5 {[%clk 01:31:38]} {[%emt 00:00:11]} 10.
O-O-O {[%clk 01:22:52]} {[%emt 00:02:16]} b5 {[%clk 01:31:41]} {[%emt
00:00:27]} 11. Bb3 {[%clk 01:21:16]} {[%emt 00:02:06]} Nc5 {[%clk 01:30:41]}
{[%emt 00:01:30]} 12. h4 {[%clk 01:10:23]} {[%emt 00:11:23]} Bd7 {[%clk
01:28:46]} {[%emt 00:02:25]} 13. Rhe1 {[%clk 00:58:57]} {[%emt 00:11:55]} b4
{[%clk 01:27:20]} {[%emt 00:01:57]} 14. Nd5 {[%clk 00:53:03]} {[%emt 00:06:24]}
Nxb3+ {[%clk 01:27:17]} {[%emt 00:00:33]} 15. Nxb3 {[%clk 00:52:36]} {[%emt
00:00:57]} a5 {[%clk 01:27:25]} {[%emt 00:00:22]} 16. Bb6 {[%clk 00:50:24]}
{[%emt 00:02:42]} Qb8 {[%clk 01:27:32]} {[%emt 00:00:23]} 17. Nc7+ {[%clk
00:50:13]} {[%emt 00:00:41]} Kf8 {[%clk 01:27:38]} {[%emt 00:00:24]} 18. Nxa8
{[%clk 00:49:58]} {[%emt 00:00:46]} Qxa8 {[%clk 01:28:04]} {[%emt 00:00:04]}
19. Bxa5 {[%clk 00:48:35]} {[%emt 00:01:52]} Bh6 {[%clk 01:27:59]} {[%emt
00:00:35]} 20. f4 {[%clk 00:48:35]} {[%emt 00:00:29]} Nxe4 {[%clk 01:27:23]}
{[%emt 00:01:05]} 21. Qe3 {[%clk 00:43:59]} {[%emt 00:04:58]} Bf5 {[%clk
01:23:27]} {[%emt 00:01:43]} 22. Kb1 {[%clk 00:43:19]} {[%emt 00:04:03]} Kg7
{[%clk 01:17:08]} {[%emt 00:06:49]} 23. Bxb4 {[%clk 00:39:52]} {[%emt
00:03:58]} Qa4 {[%clk 01:16:01]} {[%emt 00:01:36]} 24. Bc3+ {[%clk 00:37:01]}
{[%emt 00:03:20]} f6 {[%clk 01:16:12]} {[%emt 00:00:20]} 25. Qd4 {[%clk
00:33:53]} {[%emt 00:03:36]} Nxc3+ {[%clk 01:14:28]} {[%emt 00:02:17]} 26. Qxc3
{[%clk 00:33:50]} {[%emt 00:00:33]} Rc8 {[%clk 01:13:19]} {[%emt 00:01:39]} 27.
Rxe7+ {[%clk 00:32:24]} {[%emt 00:01:55]} Kg8 {[%clk 01:13:28]} {[%emt
00:00:21]} 28. Rc7 {[%clk 00:32:04]} {[%emt 00:00:49]} Ra8 {[%clk 01:12:19]}
{[%emt 00:01:40]} 29. Qc4+ {[%clk 00:31:04]} {[%emt 00:01:26]} Kh8 {[%clk
01:11:14]} {[%emt 00:01:39]} 30. Qxa4 {[%clk 00:30:47]} {[%emt 00:00:47]} Rxa4
{[%clk 01:11:39]} {[%emt 00:00:05]} 31. g3 {[%clk 00:28:11]} {[%emt 00:03:05]}
Ra6 {[%clk 01:11:36]} {[%emt 00:00:34]} 32. Re1 {[%clk 00:26:53]} {[%emt
00:01:45]} Ra8 {[%clk 01:11:39]} {[%emt 00:00:30]} 33. Rce7 {[%clk 00:26:03]}
{[%emt 00:01:20]} Ra6 {[%clk 01:09:44]} {[%emt 00:02:25]} 34. Re8+ {[%clk
00:22:13]} {[%emt 00:04:19]} Kh7 {[%clk 01:10:11]} {[%emt 00:00:04]} 35. Nd4
{[%clk 00:20:05]} {[%emt 00:02:39]} Bg4 {[%clk 01:09:11]} {[%emt 00:01:29]} 36.
R1e7+ {[%clk 00:18:59]} {[%emt 00:01:36]} Bg7 {[%clk 01:09:30]} {[%emt
00:00:11]} 37. Rb8 {[%clk 00:18:06]} {[%emt 00:01:23]} Ra4 {[%clk 01:09:21]}
{[%emt 00:00:39]} 38. c3 {[%clk 00:17:26]} {[%emt 00:01:10]} Bf5+ {[%clk
01:08:37]} {[%emt 00:01:14]} 39. Nxf5 {[%clk 00:17:40]} {[%emt 00:00:16]} gxf5
{[%clk 01:09:03]} {[%emt 00:00:04]} 40. Rbb7 {[%clk 00:17:47]} {[%emt
00:00:24]} d5 {[%clk 01:08:37]} {[%emt 00:00:55]} 41. Rxg7+ {[%clk 00:18:03]}
{[%emt 00:00:14]} Kh8 {[%clk 01:08:33]} {[%emt 00:00:34]} 42. Rgd7 {[%clk
00:17:59]} {[%emt 00:00:34]} Ra8 {[%clk 01:08:35]} {[%emt 00:00:28]} 43. Rxd5
{[%clk 00:17:59]} {[%emt 00:00:30]} Re8 {[%clk 01:08:59]} {[%emt 00:00:06]} 44.
Rxf5 {[%clk 00:17:33]} {[%emt 00:00:57]} Re3 {[%clk 01:08:57]} {[%emt
00:00:31]} 45. Rxf6 {[%clk 00:17:20]} {[%emt 00:00:43]} Rxg3 {[%clk 01:09:21]}
{[%emt 00:00:06]} 46. Rf8+ {[%clk 00:17:36]} {[%emt 00:00:14]} Rg8 {[%clk
01:09:46]} {[%emt 00:00:05]} 47. Rxg8+ {[%clk 00:17:59]} {[%emt 00:00:07]} Kxg8
{[%clk 01:10:11]} {[%emt 00:00:05]} 48. a4 {[%clk 00:18:17]} {[%emt 00:00:12]}
Kf8 {[%clk 01:10:27]} {[%emt 00:00:14]} 49. a5 {[%clk 00:18:35]} {[%emt
00:00:12]} Ke8 {[%clk 01:10:56]} {[%emt 00:00:02]} 50. a6 {[%clk 00:18:58]}
{[%emt 00:00:07]} Kd8 {[%clk 01:11:25]} {[%emt 00:00:01]} 51. a7 {[%clk
00:19:17]} {[%emt 00:00:10]} Kc8 {[%clk 01:11:52]} {[%emt 00:00:04]} 52. a8=Q#
{[%clk 00:19:37]} {[%emt 00:00:09]} 1-0

[Event "DEM U12w 2024"]
[Site "Willingen GER"]
[Date "2024.05.23"]
[Round "7"]
[White "Döscher, Nayla"]
[Black "Yang, Sophie"]
[Result "0-1"]
[Termination "normal"]
[Board "15"]
[WhiteElo "1564"]
[BlackElo "1543"]
[WhiteClock "00:03:13"]
[BlackClock "00:31:12"]
[PlyCount "94"]
[WhiteFideId "34625046"]
[BlackFideId "16279174"]
[EventCountry "GER"]
[EventRounds "9"]
[EventType "swiss"]
[EventDate "2024.05.18"]

1. e4 {[%clk 01:30:59]} {[%emt 04:57:54]} e6 {[%clk 01:30:55]} {[%emt
00:00:05]} 2. d4 {[%clk 01:31:20]} {[%emt 00:00:09]} d5 {[%clk 01:31:22]}
{[%emt 00:00:04]} 3. Bd3 {[%clk 01:31:29]} {[%emt 00:00:20]} Nf6 {[%clk
01:31:36]} {[%emt 00:00:15]} 4. e5 {[%clk 01:30:14]} {[%emt 00:01:46]} Nfd7
{[%clk 01:31:59]} {[%emt 00:00:07]} 5. Be3 {[%clk 01:28:47]} {[%emt 00:01:56]}
c5 {[%clk 01:32:18]} {[%emt 00:00:11]} 6. c3 {[%clk 01:26:09]} {[%emt
00:03:09]} Nc6 {[%clk 01:32:24]} {[%emt 00:00:23]} 7. Ne2 {[%clk 01:24:01]}
{[%emt 00:02:38]} cxd4 {[%clk 01:32:23]} {[%emt 00:00:31]} 8. cxd4 {[%clk
01:23:13]} {[%emt 00:01:18]} Bb4+ {[%clk 01:31:48]} {[%emt 00:01:04]} 9. Nbc3
{[%clk 01:22:49]} {[%emt 00:00:55]} O-O {[%clk 01:24:36]} {[%emt 00:07:42]} 10.
O-O {[%clk 01:21:59]} {[%emt 00:01:19]} f6 {[%emt 00:02:42]} 11. f4 {[%clk
01:13:35]} {[%emt 00:07:46]} fxe5 {[%clk 01:16:20]} {[%emt 00:07:42]} 12. fxe5
{[%clk 01:12:28]} {[%emt 00:01:38]} Rxf1+ {[%clk 01:13:05]} {[%emt 00:03:45]}
13. Qxf1 {[%clk 01:12:35]} {[%emt 00:00:24]} Be7 {[%clk 01:10:35]} {[%emt
00:02:59]} 14. Qf4 {[%clk 01:07:26]} {[%emt 00:05:26]} Nb4 {[%clk 01:05:46]}
{[%emt 00:05:30]} 15. Bb1 {[%clk 01:05:45]} {[%emt 00:02:12]} Qf8 {[%clk
01:02:58]} {[%emt 00:03:18]} 16. Qxf8+ {[%clk 01:04:28]} {[%emt 00:01:48]} Bxf8
{[%clk 01:01:19]} {[%emt 00:02:07]} 17. a3 {[%clk 00:58:48]} {[%emt 00:06:13]}
Nc6 {[%clk 01:01:33]} {[%emt 00:00:15]} 18. Bd3 {[%clk 00:55:53]} {[%emt
00:03:25]} Nb6 {[%clk 01:00:24]} {[%emt 00:01:39]} 19. Rf1 {[%clk 00:53:53]}
{[%emt 00:02:30]} Be7 {[%clk 01:00:42]} {[%emt 00:00:12]} 20. Nf4 {[%clk
00:49:10]} {[%emt 00:05:13]} Bd7 {[%clk 00:55:39]} {[%emt 00:05:33]} 21. g3
{[%clk 00:40:25]} {[%emt 00:09:15]} a6 {[%clk 00:49:28]} {[%emt 00:06:41]} 22.
Ng2 {[%clk 00:38:44]} {[%emt 00:02:10]} Na5 {[%clk 00:43:45]} {[%emt 00:06:13]}
23. Rf2 {[%clk 00:34:32]} {[%emt 00:04:43]} Nac4 {[%clk 00:43:24]} {[%emt
00:00:51]} 24. Bc1 {[%clk 00:33:19]} {[%emt 00:01:41]} h6 {[%clk 00:41:15]}
{[%emt 00:02:42]} 25. h4 {[%clk 00:30:45]} {[%emt 00:03:03]} Rf8 {[%clk
00:35:22]} {[%emt 00:06:22]} 26. Rxf8+ {[%clk 00:30:31]} {[%emt 00:00:45]} Bxf8
{[%clk 00:35:40]} {[%emt 00:00:13]} 27. Ne3 {[%clk 00:29:44]} {[%emt 00:01:16]}
Na5 {[%clk 00:35:35]} {[%emt 00:00:32]} 28. Ng2 {[%clk 00:27:53]} {[%emt
00:02:24]} Be7 {[%clk 00:32:50]} {[%emt 00:03:15]} 29. Ne2 {[%clk 00:25:04]}
{[%emt 00:03:18]} Nb3 {[%clk 00:32:09]} {[%emt 00:01:08]} 30. Ngf4 {[%clk
00:23:16]} {[%emt 00:02:21]} Na4 {[%clk 00:30:22]} {[%emt 00:02:14]} 31. Ng6
{[%clk 00:11:21]} {[%emt 00:12:28]} Bf8 {[%clk 00:30:17]} {[%emt 00:00:32]} 32.
Nxf8 {[%clk 00:11:27]} {[%emt 00:00:28]} Kxf8 {[%clk 00:30:40]} {[%emt
00:00:06]} 33. Bc2 {[%clk 00:11:01]} {[%emt 00:00:57]} Nxc1 {[%clk 00:31:02]}
{[%emt 00:00:09]} 34. Nxc1 {[%clk 00:11:19]} {[%emt 00:00:12]} Nxb2 {[%clk
00:31:24]} {[%emt 00:00:07]} 35. Kf2 {[%clk 00:10:29]} {[%emt 00:01:20]} Nc4
{[%clk 00:31:44]} {[%emt 00:00:08]} 36. a4 {[%clk 00:10:21]} {[%emt 00:00:41]}
Ke7 {[%clk 00:31:15]} {[%emt 00:00:56]} 37. Kf3 {[%clk 00:10:17]} {[%emt
00:00:36]} b5 {[%clk 00:31:10]} {[%emt 00:00:34]} 38. axb5 {[%clk 00:10:24]}
{[%emt 00:00:25]} Bxb5 {[%clk 00:31:29]} {[%emt 00:00:11]} 39. Nd3 {[%clk
00:09:17]} {[%emt 00:01:36]} Nd2+ {[%clk 00:31:22]} {[%emt 00:00:34]} 40. Ke3
{[%clk 00:08:28]} {[%emt 00:01:06]} Ne4 {[%clk 00:30:50]} {[%emt 00:01:17]} 41.
Kf4 {[%clk 00:07:54]} {[%emt 00:00:56]} g5+ {[%clk 00:29:11]} {[%emt 00:02:16]}
42. Kg4 {[%clk 00:05:16]} {[%emt 00:03:03]} Bxd3 {[%clk 00:29:26]} {[%emt
00:00:21]} 43. Bxd3 {[%clk 00:05:08]} {[%emt 00:00:39]} Nf2+ {[%clk 00:29:49]}
{[%emt 00:00:07]} 44. Kh5 {[%clk 00:05:11]} {[%emt 00:00:26]} Nxd3 {[%clk
00:30:12]} {[%emt 00:00:08]} 45. Kxh6 {[%clk 00:04:58]} {[%emt 00:00:43]} gxh4
{[%clk 00:30:30]} {[%emt 00:00:12]} 46. gxh4 {[%clk 00:05:20]} {[%emt
00:00:08]} Nxe5 {[%clk 00:30:53]} {[%emt 00:00:07]} 47. h5 {[%clk 00:03:13]}
{[%emt 00:02:37]} Nf7+ {[%clk 00:31:12]} {[%emt 00:00:09]} 0-1

[Event "DEM U12w 2024"]
[Site "Willingen GER"]
[Date "2024.05.23"]
[Round "7"]
[White "Kübart, Ela Marie"]
[Black "Klymenko, Mariia"]
[Result "1/2-1/2"]
[Termination "normal"]
[Board "16"]
[WhiteElo "1567"]
[BlackElo "1438"]
[WhiteClock "00:23:43"]
[BlackClock "00:00:59"]
[PlyCount "80"]
[WhiteFideId "34633723"]
[BlackFideId "34620621"]
[EventCountry "GER"]
[EventRounds "9"]
[EventType "swiss"]
[EventDate "2024.05.18"]

1. d4 {[%clk 01:30:59]} {[%emt 00:00:01]} e5 {[%clk 01:30:55]} {[%emt
00:00:05]} 2. e3 {[%clk 01:30:35]} {[%emt 00:00:54]} e4 {[%clk 01:31:02]}
{[%emt 00:00:23]} 3. f3 {[%clk 01:30:16]} {[%emt 00:00:49]} exf3 {[%clk
01:29:32]} {[%emt 00:01:59]} 4. Nxf3 {[%clk 01:30:16]} {[%emt 00:00:31]} d5
{[%clk 01:29:15]} {[%emt 00:00:47]} 5. Bd3 {[%clk 01:30:28]} {[%emt 00:00:18]}
Nf6 {[%clk 01:28:59]} {[%emt 00:00:45]} 6. O-O {[%clk 01:28:54]} {[%emt
00:02:04]} Bd6 {[%clk 01:24:54]} {[%emt 00:04:35]} 7. b3 {[%clk 01:26:18]}
{[%emt 00:03:07]} O-O {[%clk 01:22:53]} {[%emt 00:02:30]} 8. Ba3 {[%clk
01:26:38]} {[%emt 00:00:11]} Bxa3 {[%clk 01:20:25]} {[%emt 00:02:58]} 9. Nxa3
{[%clk 01:26:56]} {[%emt 00:00:11]} c6 {[%clk 01:18:21]} {[%emt 00:02:35]} 10.
c4 {[%clk 01:27:04]} {[%emt 00:00:22]} Qe7 {[%clk 01:11:56]} {[%emt 00:06:53]}
11. Nc2 {[%clk 01:24:21]} {[%emt 00:03:14]} Bg4 {[%clk 01:08:59]} {[%emt
00:03:26]} 12. Qe1 {[%clk 01:22:56]} {[%emt 00:01:55]} Re8 {[%clk 01:05:24]}
{[%emt 00:04:05]} 13. Qh4 {[%clk 01:17:14]} {[%emt 00:06:10]} h6 {[%clk
00:56:05]} {[%emt 00:09:52]} 14. Ne5 {[%clk 01:16:20]} {[%emt 00:01:24]} Be6
{[%clk 00:51:55]} {[%emt 00:04:35]} 15. Rf3 {[%clk 01:14:51]} {[%emt 00:02:03]}
Nbd7 {[%clk 00:48:52]} {[%emt 00:03:35]} 16. Nxd7 {[%clk 01:13:56]} {[%emt
00:01:24]} Bxd7 {[%clk 00:48:09]} {[%emt 00:01:14]} 17. Rg3 {[%clk 01:13:03]}
{[%emt 00:01:21]} Ng4 {[%clk 00:34:17]} {[%emt 00:14:23]} 18. Rxg4 {[%clk
01:12:40]} {[%emt 00:00:53]} Bxg4 {[%clk 00:34:32]} {[%emt 00:00:15]} 19. Qxg4
{[%clk 01:13:00]} {[%emt 00:00:10]} dxc4 {[%clk 00:30:37]} {[%emt 00:04:26]}
20. Bxc4 {[%clk 01:11:39]} {[%emt 00:01:50]} b5 {[%clk 00:29:03]} {[%emt
00:02:05]} 21. Bd3 {[%clk 01:11:28]} {[%emt 00:00:40]} Rad8 {[%clk 00:27:07]}
{[%emt 00:02:27]} 22. Rf1 {[%clk 01:10:25]} {[%emt 00:01:32]} a6 {[%clk
00:24:00]} {[%emt 00:03:37]} 23. Rf3 {[%clk 01:09:24]} {[%emt 00:01:30]} c5
{[%clk 00:19:51]} {[%emt 00:04:41]} 24. Rf5 {[%clk 00:53:56]} {[%emt 00:15:58]}
cxd4 {[%clk 00:13:36]} {[%emt 00:06:44]} 25. exd4 {[%clk 00:54:04]} {[%emt
00:00:22]} Rc8 {[%clk 00:09:38]} {[%emt 00:04:29]} 26. Qf3 {[%clk 00:45:18]}
{[%emt 00:09:10]} Red8 {[%clk 00:04:47]} {[%emt 00:05:26]} 27. Re5 {[%clk
00:42:29]} {[%emt 00:03:19]} Qd7 {[%clk 00:02:26]} {[%emt 00:02:42]} 28. Bf5
{[%clk 00:41:50]} {[%emt 00:01:19]} Qc6 {[%clk 00:00:50]} {[%emt 00:02:05]} 29.
Bxc8 {[%clk 00:41:05]} {[%emt 00:01:15]} Qxc2 {[%clk 00:00:36]} {[%emt
00:00:45]} 30. Rc5 {[%clk 00:40:27]} {[%emt 00:01:07]} Qxa2 {[%clk 00:00:35]}
{[%emt 00:00:31]} 31. Qd1 {[%clk 00:39:11]} {[%emt 00:01:45]} Qa3 {[%clk
00:00:36]} {[%emt 00:00:31]} 32. Rc6 {[%clk 00:37:45]} {[%emt 00:01:55]} a5
{[%clk 00:00:36]} {[%emt 00:00:30]} 33. Ba6 {[%clk 00:37:09]} {[%emt 00:01:06]}
a4 {[%clk 00:00:37]} {[%emt 00:00:30]} 34. bxa4 {[%clk 00:36:31]} {[%emt
00:01:07]} bxa4 {[%clk 00:00:32]} {[%emt 00:00:36]} 35. Rc8 {[%clk 00:36:00]}
{[%emt 00:01:00]} Rxc8 {[%clk 00:00:38]} {[%emt 00:00:25]} 36. Bxc8 {[%clk
00:36:19]} {[%emt 00:00:10]} Qe3+ {[%clk 00:00:38]} {[%emt 00:00:30]} 37. Kf1
{[%clk 00:31:14]} {[%emt 00:05:35]} Qf4+ {[%clk 00:00:39]} {[%emt 00:00:28]}
38. Ke1 {[%clk 00:27:21]} {[%emt 00:04:24]} Qe3+ {[%clk 00:00:52]} {[%emt
00:00:16]} 39. Kf1 {[%clk 00:26:07]} {[%emt 00:01:44]} Qf4+ {[%clk 00:00:56]}
{[%emt 00:00:27]} 40. Kg1 {[%clk 00:23:43]} {[%emt 00:02:54]} Qe3+ {[%clk
00:00:59]} {[%emt 00:00:25]} 1/2-1/2

[Event "DEM U12w 2024"]
[Site "Willingen GER"]
[Date "2024.05.23"]
[Round "7"]
[White "Rutschmann, Polly"]
[Black "Ali, Maha"]
[Result "0-1"]
[Termination "normal"]
[Board "17"]
[WhiteElo "966"]
[BlackElo "1667"]
[WhiteClock "00:56:16"]
[BlackClock "01:15:17"]
[PlyCount "56"]
[WhiteFideId "34621261"]
[BlackFideId "34626581"]
[EventCountry "GER"]
[EventRounds "9"]
[EventType "swiss"]
[EventDate "2024.05.18"]

1. d4 {[%clk 01:30:56]} {[%emt 00:00:03]} d5 {[%clk 01:30:54]} {[%emt
00:00:06]} 2. Bf4 {[%clk 01:31:11]} {[%emt 00:00:15]} c5 {[%clk 01:31:17]}
{[%emt 00:00:07]} 3. c3 {[%clk 01:31:19]} {[%emt 00:00:23]} Nf6 {[%clk
01:31:13]} {[%emt 00:00:34]} 4. e3 {[%clk 01:31:16]} {[%emt 00:00:31]} cxd4
{[%clk 01:31:28]} {[%emt 00:00:16]} 5. cxd4 {[%clk 01:31:27]} {[%emt 00:00:19]}
Nc6 {[%clk 01:30:57]} {[%emt 00:01:01]} 6. Nf3 {[%clk 01:31:32]} {[%emt
00:00:25]} Bf5 {[%clk 01:29:04]} {[%emt 00:02:23]} 7. Bd3 {[%clk 01:30:50]}
{[%emt 00:01:13]} Bxd3 {[%clk 01:28:50]} {[%emt 00:00:45]} 8. Qxd3 {[%clk
01:31:00]} {[%emt 00:00:18]} e6 {[%clk 01:28:30]} {[%emt 00:00:50]} 9. Nbd2
{[%clk 01:30:44]} {[%emt 00:00:46]} Bd6 {[%clk 01:26:45]} {[%emt 00:02:15]} 10.
Bxd6 {[%clk 01:29:58]} {[%emt 00:01:16]} Qxd6 {[%clk 01:26:41]} {[%emt
00:00:35]} 11. O-O {[%clk 01:26:26]} {[%emt 00:04:01]} O-O {[%clk 01:26:11]}
{[%emt 00:01:00]} 12. e4 {[%clk 01:16:46]} {[%emt 00:10:11]} dxe4 {[%clk
01:24:29]} {[%emt 00:02:11]} 13. Nxe4 {[%clk 01:17:02]} {[%emt 00:00:13]} Nxe4
{[%clk 01:24:27]} {[%emt 00:00:32]} 14. Qxe4 {[%clk 01:17:16]} {[%emt
00:00:16]} h6 {[%clk 01:23:19]} {[%emt 00:01:39]} 15. Rfd1 {[%clk 01:17:03]}
{[%emt 00:00:43]} Rfd8 {[%clk 01:23:05]} {[%emt 00:00:44]} 16. Rd2 {[%clk
01:16:36]} {[%emt 00:00:58]} Qb4 {[%clk 01:20:40]} {[%emt 00:02:53]} 17. b3
{[%clk 01:15:26]} {[%emt 00:01:41]} Rd5 {[%clk 01:19:26]} {[%emt 00:01:45]} 18.
Rad1 {[%clk 01:14:13]} {[%emt 00:01:42]} Rad8 {[%clk 01:19:07]} {[%emt
00:00:49]} 19. Qf4 {[%clk 01:08:06]} {[%emt 00:06:37]} e5 {[%clk 01:16:00]}
{[%emt 00:03:37]} 20. dxe5 {[%clk 01:06:34]} {[%emt 00:02:03]} Qxf4 {[%clk
01:15:52]} {[%emt 00:00:37]} 21. Rxd5 {[%clk 00:58:28]} {[%emt 00:08:36]} Rxd5
{[%clk 01:15:52]} {[%emt 00:00:31]} 22. Re1 {[%clk 00:58:24]} {[%emt 00:00:33]}
Nxe5 {[%clk 01:15:04]} {[%emt 00:01:18]} 23. Kf1 {[%clk 00:57:39]} {[%emt
00:01:15]} Nxf3 {[%clk 01:15:02]} {[%emt 00:00:32]} 24. Re8+ {[%clk 00:56:40]}
{[%emt 00:01:29]} Kh7 {[%clk 01:15:24]} {[%emt 00:00:09]} 25. gxf3 {[%clk
00:56:56]} {[%emt 00:00:13]} Qxf3 {[%clk 01:15:27]} {[%emt 00:00:26]} 26. Re1
{[%clk 00:56:24]} {[%emt 00:01:03]} Rd2 {[%clk 01:15:38]} {[%emt 00:00:19]} 27.
Kg1 {[%clk 00:55:54]} {[%emt 00:00:57]} Qxf2+ {[%clk 01:15:14]} {[%emt
00:00:57]} 28. Kh1 {[%clk 00:56:16]} {[%emt 00:00:08]} Qg2# {[%clk 01:15:17]}
{[%emt 00:00:27]} 0-1